عرض عادي
عرض مارك
- فشريشر ، جاري
مدخل إسم شخص
001 - رقم الضبط
- حقل الضبط: 36899
003 - معرف رقم الضبط
- حقل الضبط: OSt
005 - تاريخ ووقت أخر عملية
- حقل الضبط: 20130909131026.0
008 - عناصر بيانات ثابتة الطول
- حقل تحكم ثابت الطول: 130909|||a|||||| | ||| d
040 ## - مصدر الفهرسة
- هيئة الفهرسة الأصلية: OSt
- وكالة الكتابة: OSt
100 ## - مدخل -- أسم شخص
- إسم شخص: فشريشر ، جاري
670 ## - بيانات المصدر موجوده
- الاستشهاد بالمصدر: Work cat.: (OSt): فشريشر ، جاري, الدليل المنقذ :, 2012
